| 000 | 00625nam a2200193Ia 4500 | ||
|---|---|---|---|
| 003 | GCL | ||
| 008 | 140319s9999 xx 000 0 ara d | ||
| 040 |
_aGCL / _cGCL |
||
| 082 | 0 | 4 |
_aد _b050 |
| 100 | 1 | _aجليل ابوالحب | |
| 245 | 1 | 0 |
_aالحشرات الناقلة للامراض (عالم المعرفة 54) / _cجليل ابوالحب |
| 300 | _a260 ص | ||
| 490 |
_aعالم المعرفة _v0 |
||
| 650 | 0 | 4 | _aالحشرات |
| 650 | 0 | 4 | _aالحشرات الناقلة للامراض |
| 650 | 0 | 4 | _aالحشرات - امراض |
| 650 | 0 | 4 | _aالحشرات - الاضرار والفوائد |
| 942 |
_2ddc _cBK |
||
| 999 |
_c50382 _d50382 |
||